000 00726nam a2200229 i 4500
003 DO-SdBNP
005 20241021094016.0
007 ta
008 241021s19? sp b 000 0 spa d
040 _aDO-SdBNP
_bspa
_cBNPHU
_erda
082 _bW513t
_222
245 0 0 _aTyrant Trujillo king cobra of the caribbean /
_cCornel Wesley
264 1 _aNew York :
_bAsociación Reivindicadora Dominicana del Exilio,
_cfecha no indentificada
300 _a16 páginas,
_c22 cm.
336 _atexto
_btxt
_2rdacontent
337 _asin mediación
_bn
_2rdamedia
338 _avolumen
_bnc
_2rdacarrier
590 _aInventariado, 2024/ DG
650 4 _aHoteles y pensiones
_vGuías
_zEspaña
_986682
910 _aDG
942 _2ddc
_cLF2
999 _c57922
_d57922